| 000 | 00748cab a2200277 4500 | ||
|---|---|---|---|
| 001 | ABS56846 | ||
| 008 | 090401t1997 xxu||||| |||| 00| 0 eng d | ||
| 035 | _a(Sirsi) u77782 | ||
| 041 | _aeng | ||
| 100 | _aLuba, J. | ||
| 245 | _aRecent developments in housing law | ||
| 260 | _c1997 | ||
| 350 | _a0 | ||
| 490 |
_aLegal Action _vMarch 1997, 10-15(6) |
||
| 520 | _aOverview of recent developments in housing law. Case law. | ||
| 650 | _aHOUSING ACT 1996 | ||
| 650 | _aHOUSING GRANTS CONSTRUCTION AND REGENERATION ACT 1996 | ||
| 650 | _aPOSSESSION PROCEEDINGS | ||
| 650 | _aSERVICE CHARGES | ||
| 650 | _aSOCIAL HOUSING | ||
| 650 | _aTRESPASSERS | ||
| 690 | _aHOUSING | ||
| 700 | _aMadge, N. | ||
| 942 | _n0 | ||
| 948 | _c17/04/1997 | ||
| 999 |
_c48899 _d48899 |
||